000 00686nam a22002177a 4500
005 20130415115946.0
008 130415b xxu||||| |||| 00| 0 eng d
010 _aENG-106844
020 _a9788120346741
_c250.00
035 _aEN-90377
037 _bDBAD/PUB
040 _aDPL
_bEng
082 _a005.74
100 _aPakhira, Malay K.
245 _aDatabase management system /
_cby Malay K. Pakhira
260 _aDelhi
_bPHI Learning
_c2013
270 _aRimjhim House, 111, Patparganj Industrial Estate
_bDelhi
_e110092
300 _aix,261p. :
_c24cm(pbk)
_bill.
500 _aIncludes bibliographical references and index
942 _2ddc
_cEN
_h005.74
_mPAK
999 _c74524
_d74524